Quiz Drapeaux en 15 secondes n°2 - Statistiques

Statistiques générales
  • Ce quiz a été pris 144 fois
  • Le résultat moyen est 5 sur 5
Statistiques - réponses
Question Réponse % Correct
Russie 🇷🇺
97%
Israël 🇮🇱
94%
Bhoutan 🇧🇹
94%
Allemagne 🇩🇪
92%
Jordanie 🇯🇴
91%
Aucun quiz correspondant
Distribution des résultats
% des personnes avec chaque résultat
Percentile par nombre de réponses
Votre historique - résultats
Vous n’avez pas pris ce quiz